| 000 | 01047cad a22002175a 4500 | ||
|---|---|---|---|
| 001 | L150512 | ||
| 008 | 100721e20100716xxkd f s f000 0 eng d | ||
| 035 | _a(Sirsi) u150512 | ||
| 041 | 0 | _aeng | |
| 110 | 1 |
_aUnited Kingdom _bOffice of National Statistics _92035 |
|
| 245 | 0 | 0 |
_aOutput in the construction industry _bfirst quarter 2010 _h[electronic resource] |
| 260 | _c2010 | ||
| 490 |
_aONS Statistical Bulletin _v(First quarter 2010) 16 July 2010 |
||
| 520 | _aStatistics include volume of construction industry output in Great Britain, value of construction output in Great Britain, new work and repair and maintenance by sector; commentary and a list of sources of further information. | ||
| 590 | _aKA NTK | ||
| 650 | 2 | 4 | _aONS NEW CONSTRUCTION ORDERS |
| 651 | 4 |
_aGreat Britain _y1707- |
|
| 690 | _aBUILT ENVIRONMENT-CONSTRUCTION MARKET | ||
| 856 | 4 | 0 |
_uhttps://www.ons.gov.uk/ons/rel/construction/output-in-the-construction-industry/q1-2010/q1-2010-statistical-bulletin.pdf _zView the website free of charge at www.ons.gov.uk |
| 942 | _n0 | ||
| 999 |
_c82539 _d82539 |
||